| 000 | 00496 a2200181 4500 | ||
|---|---|---|---|
| 001 | 066463 | ||
| 003 | OSt | ||
| 005 | 20210929102103.0 | ||
| 008 | |||
| 082 |
_a657.3 _bH31F |
||
| 100 | 1 | _aViallet, Claude | |
| 245 | 1 |
_aFinance for non finance managers _cby Claude Viallet and Gabriel Hawawini |
|
| 260 |
_aNew Delhi _bCengage Learning _c2009 |
||
| 300 | _a512p. | ||
| 690 | _aAccounting; Financial statements | ||
| 700 | _aHawawini, Gabriel | ||
| 942 |
_2ddc _cBK |
||
| 999 |
_c514 _d514 |
||